The Amazing Race: African Countries - Statistics

General Stats
  • This quiz has been taken 117 times
    63 since last reset
  • The average score is 18 of 20
Answer Stats
Times Visited Answer % Correct
1 Egypt
100%
3 South Africa
100%
4 Morocco
98%
1 Kenya
94%
2 Namibia
94%
3 Tanzania
94%
1 Madagascar
91%
2 Zambia
91%
2 Zimbabwe
91%
2 Botswana
89%
1 Ghana
89%
1 Tunisia
89%
1 Ethiopia
87%
1 Mozambique
85%
1 Uganda
85%
1 Senegal
81%
1 Burkina Faso
77%
1 Mauritius
77%
1 Seychelles
74%
1 Malawi
72%
No matching quizzes found
Score Distribution
Percent of People with Each Score
Percentile by Number Answered
Your Score History
You have not taken this quiz since the last reset